Sedem dlhých rokov Postrehy nášho reportéra z cesty za Slovákmi v Poľsku (5. časť)

Bibliographic Details
Main Author: Greš, Ján (Author)
Format: Article
Language:Slovak
PhysicalDescription:Fotogr. 1
Subjects:

MARC

LEADER 00000nab a2200000 a 4500
001 vtls000632235
003 SK-MaSNL
005 20260302184540.0
008 160401c1997 xo 0 slo
015 |a SNBRB19rr/mm-uuuuu 
035 |a CL0632374 
040 |a SNKBUCL  |b slo  |c SNKBUCL  |e AACR2 
041 0 |a slo 
044 |a xo  |c SK 
080 |a 323.113(438=845)  |2 1981 
080 |a 943.76  |2 1981 
080 |a 943.8  |2 1981 
100 1 |a Greš, Ján  |4 aut  |9 269198 
245 1 0 |a Sedem dlhých rokov  |b Postrehy nášho reportéra z cesty za Slovákmi v Poľsku (5. časť)  |c Ján Greš 
300 |b Fotogr. 1 
500 |a Dokončenie 
650 0 7 |a Slováci  |2 snkbucl  |9 22552 
650 0 7 |a Poľsko  |2 snkbucl  |9 274601 
655 7 |a články z novín a časopisov  |2 snkbucl  |9 267496 
773 0 |t Slovenská republika víkend  |g Roč. 4, č. 35/199 (1997), s. 12 
850 |a Slovenská národná knižnica v Martine  |a MTA001 
852 |a SNK  |b KIS3GCP 
958 |a SK 
958 |a PL 
958 |a RK 
958 |a RBX 
999 |c 1425913  |d 1427843